Landfill closures : geosynthetics, interface friction and new developments
Αποθηκεύτηκε σε:
| Άλλοι συγγραφείς: | |
|---|---|
| Μορφή: | Βιβλίο |
| Γλώσσα: | English |
| Δημοσίευση: |
London :
Elsevier ,
1991
|
| Θέματα: | |
| Ετικέτες: |
Προσθήκη ετικέτας
Δεν υπάρχουν, Καταχωρήστε ετικέτα πρώτοι!
|
MARC
| LEADER | 00000nam a2200000 i 4500 | ||
|---|---|---|---|
| 001 | 1/63475 | ||
| 008 | 930924s eng d | ||
| 020 | |a 1-85166-644-3 | ||
| 035 | |a ΛΕΣΒΟΣb10001216 |l 10001216 | ||
| 040 | |a GR-MY-UA |b gre |e aacr | ||
| 041 | 0 | |a eng | |
| 082 | 0 | |a 628.44564 | |
| 245 | 1 | 0 | |a Landfill closures : |b geosynthetics, interface friction and new developments |
| 260 | |a London : |b Elsevier , |c 1991 | ||
| 300 | |a 257 p.; |c 24,8 cm | ||
| 500 | |a Reprinted from Geotextiles and Geomembranes, vol. 10, nos 5-6 | ||
| 500 | |a Seminar on Landfill closures-geosynthetics,inteface friction, and new developments,held at the Geosynthetic Research Institute,Drexel University,Philadelphia ,PA.USA. | ||
| 504 | |a Includes bibliographical references and index | ||
| 650 | 0 | 0 | |a Sanitary landfills |x Linings |x Congresses. |
| 650 | 0 | 0 | |a Geosynthetics |x Congresses. |
| 700 | 1 | |a Koerner, Robert M. |d 1933- |4 edt | |
| 852 | |a INST |b LESVOS |e 19930924 |h 628.44564 LAN |p 005100006201 |q 005100006201 |t BK |y 0 | ||
| 909 | |a Λ |b 028696 | ||